| 000 | 00887ngm a2200217 i 4500 | ||
|---|---|---|---|
| 001 | C2-0343723 | ||
| 003 | PPAK | ||
| 005 | 20180727222803.0 | ||
| 008 | 171119s2015 cau|||| ||||| | vleng d | ||
| 040 |
_aPPAK _beng _cPPAK _erda |
||
| 245 | 1 | 0 | _aFast & furious 7 |
| 264 | 1 |
_aCalifornia ; Ampang Selangor : _bUniversal Pictures; HVN Entertainment Sdn. Bhd. (Malaysia Distributor) , _c2015 |
|
| 500 | _aSummary : Targeted by a cold-blooded black-ops assassin with a score to settle, their only hope is to get behind the wheel again and secure an ingenious prototype tracking device. Facing their greatest threat yet in places as far away as Ab | ||
| 700 | _eauthor | ||
| 700 | 1 |
_aWan, James, _ecompile |
|
| 700 | 1 |
_aBoyd, Leigh Folsom, _eeditor |
|
| 700 | 1 |
_aWagner, Christian _eeditor |
|
| 700 | 1 |
_aHighsmith, Dylan _eeditor |
|
| 700 | 1 |
_aMorri, Kirk _eeditor |
|
| 942 |
_2ddc _cDVD |
||
| 999 |
_c168057 _d168057 |
||